00600 2200217 4500001002100000005001500021035002500036008004100061040001200102082001100114084001700125090001900142100001700161245005900178260004500237300002900282504003100311650001000342850001200352990001800364INLIS00000000002753220180530010921 a0010-051700000000242180530 f 0 eng  aYOPDYOG a297.09 a297.09 GIB m aL 297.09 Gib M aGIBB, H.A.R.1 aMohammedanism :bAn Historical Survey /c/ H.A.R. Gibb aLondon :bOxford University Press,c1950 aix, 206 hlm. ;c; 16 cm. aBibliografi : hlm. 192-200 aIslam aYOPDYOG a54220-PD/A.17